000 00582nam a2200205Ia 4500
008 140110s9999 xx 000 0 und d
020 _a9788172239121
_cRs.275.00
040 _aLoreto College
041 _aEnglish
082 _a378/SIN
_bLCLIB/48556
100 _aSingh, Amrik
245 _aRemarking higher education
_bEssays in dissent
_cAmrik Singh
260 _aNew Delhi
_bHarper-Collins Publishers India
_c2009
300 _a196p.
_c23 cm
504 _aIncludes appendix
650 _aEducation
651 _aHigher Education
850 _aLCLIB/378/SIN
942 _cBK
999 _c37234
_d87713